Les 30 joueurs les + chers d'Arsenal - Statistiques

Statistiques générales
  • Ce quiz a été pris 365 fois
    133 depuis la dernière actualisation
  • Le résultat moyen est 24 sur 30
Statistiques - réponses
# Saison Provenance Poste Valeur du transfert Pays Réponse % Correct
1 23/24 West Ham United M 116 600 000 € Declan Rice
99%
7 17/18 Borussia Dortmund A 63 750 000 € Pierre-Emerick Aubameyang
97%
6 25/26 Sporting CP A 65 800 000 € Viktor Gyökeres
97%
3 23/24 Chelsea FC A 75 000 000 € Kai Havertz
94%
5 25/26 Crystal Palace FC M 69 250 000 € Eberechi Eze
92%
2 19/20 Lille OSC A 80 000 000 € Nicolas Pépé
92%
10 17/18 Olympique Lyonnais A 53 000 000 € Alexandre Lacazette
91%
19 21/22 Real Madrid CF M 35 000 000 € Martin Ødegaard
90%
16 14/15 FC Barcelona A 42 500 000 € Alexis Sánchez
88%
25 19/20 AS Saint-Étienne D 30 000 000 € William Saliba
88%
11 22/23 Manchester City A 52 200 000 € Gabriel Jesus
86%
20 22/23 Manchester City D 35 000 000 € Oleksandr Zinchenko
85%
4 25/26 Real Sociedad M 70 000 000 € Martín Zubimendi
84%
12 20/21 Atlético de Madrid M 50 000 000 € Thomas Partey
83%
18 23/24 Ajax Amsterdam D 40 000 000 € Jurrien Timber
81%
13 13/14 Real Madrid CF M 47 000 000 € Mesut Özil
81%
15 16/17 Borussia Mönchengladbach M 45 000 000 € Granit Xhaka
80%
12 26/27 Bayer 04 Leverkusen D 52 000 000 € Piero Hincapié
80%
14 24/25 Bologna FC 1909 D 45 000 000 € Riccardo Calafiori
80%
24 24/25 Brentford FC G 31 900 000 € David Raya
78%
23 24/25 Real Sociedad M 32 000 000 € Mikel Merino
73%
8 21/22 Brighton & Hove Albion D 58 500 000 € Ben White
72%
9 25/26 Chelsea FC A 56 000 000 € Noni Madueke
70%
22 17/18 Manchester United M 34 000 000 € Henrikh Mkhitaryan
68%
28 19/20 Glasgow Celtic FC D 27 000 000 € Kieran Tierney
66%
27 21/22 Sheffield United FC G 28 000 000 € Aaron Ramsdale
61%
21 22/23 FC Porto M 35 000 000 € Fábio Vieira
56%
26 18/19 UC Sampdoria M 28 650 000 € Lucas Torreira
55%
17 16/17 Valencia CF D 41 000 000 € Shkodran Mustafi
53%
29 20/21 Lille OSC D 26 000 000 € Gabriel Magalhães
44%
Aucun quiz correspondant
Distribution des résultats
% des personnes avec chaque résultat
Percentile par nombre de réponses
Votre historique - résultats
Vous n’avez pas pris ce quiz depuis la dernière actualisation